000 00688nam a2200253Ia 4500
003 OSt
005 20220918214517.0
006 a|||||r|||| 00| 0
007 ta
008 220917b |||||||| |||| 00| 0 eng d
024 _a137,772
037 _cTextual
040 _aARTS
_cARTS
_beng
041 _2eng
_aeng
082 _aY:381.2, M5
100 _aAgrawala Prithvi Kumar
_941411
245 0 _aPurna kalasa or Vase of plenty
260 _aVaranasi
_bPrithivi Prakashan
_c1985
300 _a64p.
_ccm.
490 _aIndian Civilisation series; 3
650 _aSOCIOLOGY
942 _hY:381.2, M5
_cTEXL
_2CC
999 _c260850
_d260850